000 00424nam a2200169Ia 4500
008 230711s9999||||xx |||||||||||||| ||und||
020 _a978-0-262-12106-4
041 _aENG
082 _a720.1
_bHA-A
100 _aHays, K. Michael
245 0 _aArchitecture theory since 1968
250 _a26th Ed.
260 _c2000
_aLondon
_bColumbia Books of Architecture
300 _a809p.
650 _aArchitecture
942 _cBK
999 _c6448
_d6448